Vista normal
Vista MARC
Entrada Personal Name
Número de registros utilizados en: 1
001 - CONTROL NUMBER
- control field: 5628
003 - CONTROL NUMBER IDENTIFIER
- control field: OSt
005 - DATE AND TIME OF LATEST TRANSACTION
- control field: 20200614140943.0
008 - FIXED-LENGTH DATA ELEMENTS
- fixed length control field: 200614|| aca||aabn | a|a d
040 ## - CATALOGING SOURCE
- Original cataloging agency: OSt
- Transcribing agency: OSt
100 ## - HEADING--PERSONAL NAME
- Personal name: Ribic, Esad, ; Svorcina, Ive,
670 ## - SOURCE DATA FOUND
- Source citation: Work cat.: (OSt)4587: Hickman, Jonathan, autor 5626, Guerras secretas: / , 2015